00379nam a2200169Ia 4500008004100000020001800041245001600059245001700075260001500092260001600107260000900123300001500132300002500147300001000172500000800182999001900190170705s9999 xx 000 0 und d a9780439026109 aPunished! / cDavid Lubar. aNew York : bScholastic, c2006 a96 pages : bcolor illustration ; c19cm. a340 c335963d335963